Türkiye'den az gelişmiş ülkelere sermaye göçü (relokasyon): ekonomik ve istihdam boyutlarıyla/ (Record no. 64248)
| 000 -BAŞLIK | |
|---|---|
| Sabit Uzunluktaki Kontrol Alanı | 01325nam a22003857a 4500 |
| 001 - KONTROL NUMARASI | |
| Control Dosyası | 0064451 |
| 003 - KONTROL NUMARASI KİMLİĞİ | |
| Kontrol Alanı | KOHA_MİRAKIL |
| 005 - EN SON İŞLEM TARİHİ ve ZAMANI | |
| Kontrol Alanı | 20260207004459.0 |
| 007 - FİZİKSEL TANIM SABİT ALAN - GENEL BİLGİ | |
| Sabit uzunluklu kontrol alanı | ta |
| 008 - SABİT UZUNLUKTAKİ VERİ ÖGELERİ - GENEL BİLGİ | |
| Sabit Alan | 190308b2010 tu |||grn|||#0|||0|tur | |
| 020 ## - ISBN - ULUSLARARASI STANDART KİTAP NUMARASI | |
| Isbn | 9789944607094 |
| 040 ## - KATALOGLAMA KAYNAĞI | |
| Özgün Kataloglama Kurumu | TR-BiSEU |
| Kataloglama Dili | tur |
| Çeviri Kurumu | TR-BiSEU |
| Açıklama Kuralları | rda |
| 041 0# - DİL KODU | |
| Metin ya da ses kaydının dil kodu | tur |
| 044 ## - YAYINLAYAN/ÜRETEN KURULUŞUN ÜLKE KODU | |
| ISO country code | tu |
| 050 ## - SINIFLAMA ve YER NUMARASI | |
| Sınıflama Numarası | HC492 |
| Yer Numarası | .A31 2010 |
| 100 1# - KİŞİ ADI | |
| Yazar Adı (Kişi adı) | Akgeyik, Tekin. |
| 245 1# - ESER ADI BİLDİRİMİ | |
| Başlık | Türkiye'den az gelişmiş ülkelere sermaye göçü (relokasyon): ekonomik ve istihdam boyutlarıyla/ |
| Sorumluluk Bildirimi | Tekin Akgeyik ; Tekin Aygeyik. |
| 264 #1 - ÜRERİM, YAYIN, DAĞITIM ve TELİF BİLDİRİMİ | |
| Yayın yeri | İstanbul : |
| Yayınlayan | İstanbul Ticaret Odası |
| Yayın tarihi | 2010 |
| 300 ## - FİZİKSEL TANIMLAMA | |
| Sayfa, Cilt vb. | 148 sayfa: resimli; 24 cm. |
| 336 ## - İÇERİK TÜRÜ | |
| Content type term | metin |
| Content type code | txt |
| Source | rdacontent |
| 337 ## - MEDYA TÜRÜ | |
| Media type term | aracısız |
| Media type code | n |
| Source | rdamedia |
| 338 ## - TAŞIYICI TÜRÜ | |
| Carrier type term | cilt |
| Carrier type code | nc |
| Source | rdacarrier |
| 490 1# - DİZİ BİLDİRİMİ | |
| Dizi Bildirimi | İstanbul Ticaret Odası Yayınları. |
| 490 1# - DİZİ BİLDİRİMİ | |
| Dizi Bildirimi | Türkiye Ekonomisi Araştırmaları yayın no ; |
| Cilt Numarası | 2010-24. |
| 500 ## - GENEL NOT | |
| Genel Not | Dizin var. |
| 500 ## - GENEL NOT | |
| Genel Not | Kaynakça var. |
| 650 #0 - KONU BAŞLIĞI EK GİRİŞ - KONU TERİMİ | |
| Konusal terim veya coğrafi ad | Turkey--Economic conditions. |
| 9 (RLIN) | 8442 |
| 650 #0 - KONU BAŞLIĞI EK GİRİŞ - KONU TERİMİ | |
| Konusal terim veya coğrafi ad | Turkey--Social conditions. |
| 9 (RLIN) | 5453 |
| 650 #0 - KONU BAŞLIĞI EK GİRİŞ - KONU TERİMİ | |
| Konusal terim veya coğrafi ad | Commerce--Turkey. |
| 9 (RLIN) | 53000 |
| 650 #0 - KONU BAŞLIĞI EK GİRİŞ - KONU TERİMİ | |
| Konusal terim veya coğrafi ad | Commerce--Turkish essays. |
| 9 (RLIN) | 53001 |
| 830 1# - SERİ EK GİRİŞİ - TEKBİÇİM ESER ADI | |
| Tekbiçim Başlık | İstanbul Ticaret Odası Yayınları. |
| 9 (RLIN) | 35848 |
| 830 1# - SERİ EK GİRİŞİ - TEKBİÇİM ESER ADI | |
| Tekbiçim Başlık | Türkiye Ekonomisi Araştırmaları yayın no ; |
| Volume number/sequential designation | 2010-24. |
| 9 (RLIN) | 118704 |
| 907 ## - LOCAL DATA ELEMENT G, LDG (RLIN) | |
| a | Araştırma |
| 942 ## - EK GİRİŞ ÖGELERİ (KOHA) | |
| Source of classification or shelving scheme | Library of Congress Classification |
| Koha item type | Book |
| Materyal Türü | Kalıcı Konum | Mevcut Konum | Sınıflandırma Kaynağı | Edinim Bilgisi | Ana Konular | Alt Konular | Yer Numarası | Demirbaş Numarası | Fatura Tarihi | Geri Çekilme Durumu | Kayıp Durumu | Hasarlı Durumu | Kredi için değil | Kayıt Tarih | Toplam Ödünçverme | Son Görülme Tarihi | Son Kontrol Tarihi | Genel / Bağış Notu |
|---|---|---|---|---|---|---|---|---|---|---|---|---|---|---|---|---|---|---|
| Book | BŞEÜ Bozüyük MYO Kütüphanesi | BŞEÜ Bozüyük MYO Kütüphanesi | Library of Congress Classification | Bağış | SOSYAL BİLİMLER | Ekonomi Tarihi ve Koşulları | HC492 .A31 2010 | 0064451 | 02/02/2026 | 08/03/2019 | 04/03/2025 | 04/03/2025 | Genel Bağış |
